书目信息 |
| 题名: |
倾听神舟
|
|
| 作者: | 梁建增 , 王志 主编 | |
| 分册: | ||
| 出版信息: | 北京 新华出版社 2005 |
|
| 页数: | 192页 | |
| 开本: | 23cm | |
| 丛书名: | ||
| 单 册: | ||
| 中图分类: | I235.2 | |
| 科图分类: | ||
| 主题词: | 航空航天工业--科学工作者--生平事迹--中国--现代 , 航空员--生平事迹--中国--现代 , 电视节目 , 解说词 , 航空航天工业 , 科学工作者 , 电视节目--解说词--中国--现代--选集 , 航天员 | |
| 电子资源: | ||
| ISBN: | 7-5011-7260-9 | |
| 000 | 01080nam0 2200325 450 | |
| 001 | 003034495 | |
| 005 | 20061105084550.81 | |
| 010 | @a7-5011-7260-9@dCNY24.00 | |
| 100 | @a20050317d2005 em y0chiy0110 ea | |
| 101 | 0 | @achi |
| 102 | @aCN@b110000 | |
| 105 | @aa z 000yd | |
| 200 | 1 | @a倾听神舟@9qing ting shen zhou@e面对面独家访谈@f梁建增,王志主编 |
| 210 | @a北京@c新华出版社@d2005 | |
| 215 | @a192页@c照片@d23cm | |
| 330 | @a本书介绍了神舟六号与神舟五号成功发射、安全运行与准确回收等状况。描述了神舟航天员选拔和训练的内幕,以及他们个人成长的故事。 | |
| 517 | 1 | @a面对面独家访谈@9mian dui mian du jia fang tan |
| 606 | 0 | @a航空航天工业@x科学工作者@x生平事迹@y中国@z现代 |
| 606 | 0 | @a航空员@x生平事迹@y中国@z现代 |
| 606 | 0 | @a电视节目 |
| 606 | 0 | @a解说词 |
| 606 | 0 | @a航空航天工业 |
| 606 | 0 | @a科学工作者 |
| 606 | 0 | @a电视节目@x解说词@y中国@z现代@j选集 |
| 606 | 0 | @a航天员 |
| 690 | @aI235.2@v4 | |
| 701 | 0 | @a梁建增@9liang jian zeng@4主编 |
| 701 | 0 | @a王志@9wang zhi@c(电视主持人)@4主编 |
| 801 | 0 | @aCN@bNLC@c20061105 |
| 905 | @a10447@dI235.2@e159 | |
| 倾听神舟:面对面独家访谈/梁建增,王志主编.-北京:新华出版社,2005 |
| 192页:照片;23cm |
| ISBN 7-5011-7260-9:CNY24.00 |
| 本书介绍了神舟六号与神舟五号成功发射、安全运行与准确回收等状况。描述了神舟航天员选拔和训练的内幕,以及他们个人成长的故事。 |
| ● |
| 相关链接 |
|
|
|
|
正题名:倾听神舟
索取号:I235.2/159
 
预约/预借
| 序号 | 登录号 | 条形码 | 馆藏地/架位号 | 状态 | 备注 |
| 1 | 0380527 | 203805276 | 第一样本阅览室/ [索取号:I235.2/159] | 在馆 | |
| 2 | 0380528 | 203805285 | 第二借阅区/ [索取号:I235.2/159] | 在馆 | |
| 3 | 0380529 | 203805294 | 第二借阅区/ [索取号:I235.2/159] | 在馆 | |
| 4 | 0380530 | 203805301 | 第二借阅区/ [索取号:I235.2/159] | 在馆 | |
| 5 | 0380531 | 203805310 | 第二借阅区/ [索取号:I235.2/159] | 在馆 |